Southville International School and Colleges
Your cart is empty.
  • Cart
  • Lists
    Public lists Eva Luna New books Lux_list list_1
    Your lists Log in to create your own lists
  • Log in to your account
  • Your cookies
  • Search history
Southville International School and Colleges
  • Advanced search
  • Recent comments
  • Most popular
  • Libraries

Log in to your account

Log in with GOOGLE


If you do not have an external account, but do have a local account, you can still log in:

  1. Home
  2. MARC view: A Comparative study on the effects of smoking between adult and teenage athletes /
Normal view MARC view ISBD view

A Comparative study on the effects of smoking between adult and teenage athletes / (Record no. 97186)

[ view plain ]
MARC details
000 -LEADER
fixed length control field 00768nam a2200205 a 4500
003 - CONTROL NUMBER IDENTIFIER
control field 0
005 - DATE AND TIME OF LATEST TRANSACTION
control field 20250429103201.0
008 - FIXED-LENGTH DATA ELEMENTS--GENERAL INFORMATION
fixed length control field 080527s19uu xx 00 eng d
050 ## - LIBRARY OF CONGRESS CALL NUMBER
Classification number PHS RC 567
Item number .B35 2005
100 ## - MAIN ENTRY--PERSONAL NAME
Personal name Bailon, Victor Anthony S.
245 ## - TITLE STATEMENT
Title A Comparative study on the effects of smoking between adult and teenage athletes /
Statement of responsibility, etc Victor Anthony S. Bailon.
260 ## - PUBLICATION, DISTRIBUTION, ETC. (IMPRINT)
Place of publication, distribution, etc Las Piñas City, Philippines :
Name of publisher, distributor, etc Southville International School and Colleges,
Date of publication, distribution, etc 2005.
300 ## - PHYSICAL DESCRIPTION
Extent 23 pages :
Other physical details illustrations ;
Dimensions 28 cm.
504 ## - BIBLIOGRAPHY, ETC. NOTE
Bibliography, etc Includes bibliographical references.
650 ## - SUBJECT ADDED ENTRY--TOPICAL TERM
Topical term or geographic name as entry element Smoking
General subdivision Health aspects.
650 ## - SUBJECT ADDED ENTRY--TOPICAL TERM
Topical term or geographic name as entry element Smoking
General subdivision Physiological effect.
650 ## - SUBJECT ADDED ENTRY--TOPICAL TERM
Topical term or geographic name as entry element Comparative studies.
650 ## - SUBJECT ADDED ENTRY--TOPICAL TERM
Topical term or geographic name as entry element Teenage athletes
General subdivision Health and hygiene.
942 ## - ADDED ENTRY ELEMENTS (KOHA)
Source of classification or shelving scheme Library of Congress Classification
Koha item type PASS
Holdings
Withdrawn status Lost status Source of classification or shelving scheme Damaged status Home library Current library Shelving location Date acquired Source of acquisition Total Checkouts Full call number Barcode Date last seen Price effective from Koha item type
    Library of Congress Classification   Luxembourg Library Luxembourg Library Portfolio Assessment of SISC Students Section 05/27/2008 Donation   PHS RC 567 .B35 2005 P1213 04/08/2014 04/08/2014 PASS

A Comparative study on the effects of smoking between adult and teenage athletes /

APA

Bailon V. A. S., . (2005). A Comparative study on the effects of smoking between adult and teenage athletes. Las Piñas City, Philippines: Southville International School and Colleges.

Chicago

Bailon Victor Anthony S, . 2005. A Comparative study on the effects of smoking between adult and teenage athletes. Las Piñas City, Philippines: Southville International School and Colleges.

Harvard

Bailon V. A. S., . (2005). A Comparative study on the effects of smoking between adult and teenage athletes. Las Piñas City, Philippines: Southville International School and Colleges.

MLA

Bailon Victor Anthony S, . A Comparative study on the effects of smoking between adult and teenage athletes. Las Piñas City, Philippines: Southville International School and Colleges. 2005.

  • Print
  • Cite
  • Add to your cart (remove)
  • Save record
    BIBTEX Dublin Core MARCXML MARC (non-Unicode/MARC-8) MARC (Unicode/UTF-8) MARC (Unicode/UTF-8, Standard) MODS (XML) RIS
  • More searches
    Search for this title in:
    Other Libraries (WorldCat) Other Databases (Google Scholar) Online Stores (Bookfinder.com) Open Library (openlibrary.org)

Exporting to Dublin Core...

SOUTHVILLE LIBRARY

Southville International School and Colleges Library

1281 Tropical Ave. Cor. Luxembourg St., BF Homes International, Las Pinas City

Tel. No. 8256374 / 252358 Loc. 117/146

Powered by Koha